Meiji Taishō bungaku zenshū. Dai 10-kan /

Saved in:
Bibliographic Details
Main Author: Iwaya, Sazanami, 1870-1933.
Format: Book
Language:Japanese
Published: Tōkyō : Shunʾyōdō, Shōwa 5 [1930]
Subjects:
Tags: Add Tag
No Tags, Be the first to tag this record!
LEADER 01622nam a2200301ui 4500
001 007787530-3
005 20024617121422.0
008 920416s1930 ja c 000 0 jpn d
035 0 |a ocm33737893 
040 |a *LWU*  |b jpn  |c *LWU*  |d OCoLC  |d *YNH*  |d CStRLIN 
100 1 |6 880-01  |a Iwaya, Sazanami,  |d 1870-1933. 
245 1 0 |6 880-02  |a Meiji Taishō bungaku zenshū.  |n Dai 10-kan /  |c Iwaya Sazanami chosaku daihyō. 
260 |6 880-03  |a Tōkyō :  |b Shunʾyōdō,  |c Shōwa 5 [1930] 
300 |a 526 p. :  |b port. ;  |c 20 cm. 
500 |6 880-04  |a Hibaihin. 
500 |6 880-05  |a Chosha no shōzō ari. 
505 0 |6 880-06  |a Saitō Ryokuu hen: Kakurenbo -- Aburajigoku -- Inudate -- Mikirimono -- Hanauriokina -- Wakamatsu Shizuko hen: Shōkōshi -- Gotō chūgai hen: Dokkō -- Nokoru hikari -- Yabureshi hito -- Tamashii no arika -- Temuke no fue -- Aizubushi -- Ren Sanjin hen: Yūzenzome. 
650 0 |a Japanese literature  |y Shōwa period, 1926-1989. 
650 0 |a Japanese literature  |y Taishō period, 1912-1926. 
880 1 |6 100-01  |a 巖谷小波,  |d 1870-1933. 
880 1 0 |6 245-02  |a 明治大正文學全集.  |n 第10卷 /  |c 巖谷小波著作代表. 
880 |6 260-03  |a 東京 :  |b 春陽堂,  |c 昭和5 [1930] 
880 |6 500-04  |a 非賣品. 
880 |6 500-05  |a 著者の肖像あり. 
880 0 |6 505-06  |a 斎藤緑雨篇: かくれんぼ -- 油地獄 -- 犬蓼 -- 見切物 -- 賣花翁 -- 若松しづ子篇: 小公子 -- 後藤宙外篇: 獨行 -- のこる光 -- やぶれし人 -- 魂のありか -- 手向の笛 -- 會津節 -- 漣山人篇: 友禪染. 
886 2 |2 jpnmarc  |a 677  |b 918.69 
988 |a 20021220 
906 |0 OCLC